Genio y figura de horacio quiroga /

Guardado en:
Autor Principal: Rodriguez Monegal, Emir
Formato: Libro
Publicado: Buenos Aires : Eudeba, 1969
Edición:2a. ed.
Materias:
Etiquetas: Agregar Etiqueta
Sin Etiquetas, Sea el primero en etiquetar este registro!
LEADER 00537nam a22001935a 4500
001 CEM.cems007563
005 20060214000000.0
008 130507s1969##################000#0#####d
003 CEMS
082 0 4 |a 928 
100 1 |a Rodriguez Monegal, Emir 
245 1 0 |a Genio y figura de horacio quiroga / 
250 |a 2a. ed. 
260 |a Buenos Aires :  |b Eudeba,  |c 1969 
300 |a 191 p. 
653 |a Biografias 
653 |a Literatura argentina 
653 |a Quiroga, horacio-biografia 
859 |a CEMS  |b BIB. CEMS - 11 de abril  |h 928  |i Q999r  |p 3113.74  |t Ej.1